000 00201nam a2200085Ia 4500
008 120527s9999 xx 000 0 und d
100 _aAmstream, E.
245 _aExploration in basic biology
942 _cBK
999 _c27357
_d27357